Every Winner Of The F1 Singapore GP - Statistics

General Stats
  • This quiz has been taken 19 times
  • The average score is 15 of 23
Answer Stats
Hint Answer % Correct
2023 Carlos Sainz
100%
2008 Fernando Alonso
100%
2010 Fernando Alonso
100%
2009 Lewis Hamilton
100%
2014 Lewis Hamilton
100%
2017 Lewis Hamilton
100%
2018 Lewis Hamilton
100%
2016 Nico Rosberg
100%
2011 Sebastian Vettel
100%
2012 Sebastian Vettel
100%
2013 Sebastian Vettel
100%
2015 Sebastian Vettel
100%
2019 Sebastian Vettel
100%
2024 Lando Norris
94%
2022 Sergio Perez
94%
1968 Garrie Cooper
6%
1969 Graeme Lawrence
6%
1970 Graeme Lawrence
6%
1971 Graeme Lawrence
6%
1966 Lee Han Seng
6%
1972 Max Stewart
6%
1967 Rodney Seow
6%
1973 Vern Schuppan
6%
No matching quizzes found
Score Distribution
Percent of People with Each Score
Percentile by Number Answered
Your Score History
You have not taken this quiz